000 00820nam a2200265 i 4500
003 DO-SdBNP
005 20250122071832.0
006 a||||gr|||| 00| 0
007 ta
008 230830e1997 dr ||||| |||| 00| 0 spa d
040 _aDO-SdBNP
_bspa
_cBNPHU
_erda
041 _hspa
082 4 _axxx
_bT649c
_222
100 1 _aTolentino Dipp, Hugo,
_d1930-2019
_eautor
_912717
245 1 0 _a¿Corrupción? ¿trafico de influencias? ¿nepotismo?. /
_cHugo Tolentino Dipp
264 _aSanto Domingo :
_bValdez,
_c1997
300 _a97 páginas ;
_c21 cm.
336 _2rdacontent
_atexto
_btxt
337 _2rdamedia
_asin mediación
_bn
338 _2rdacarrier
_avolumen
_bn
500 _aIncluye datos biográficos del autor en la contracubierta.
590 _aInventariado 2023 / MF
910 _aMF
942 _2ddc
_cLBS1
999 _c54575
_d54575